| 000 | 00990nam a2200265 i 4500 | ||
|---|---|---|---|
| 001 | bg | ||
| 003 | BPK | ||
| 005 | 20191004124526.0 | ||
| 008 | 070717s1971 pl a f f |000 0 pol | ||
| 015 | _aPB 3428/71 | ||
| 040 |
_aWA N _cBPK |
||
| 080 | _a621.753 | ||
| 080 | _a531.7 | ||
| 080 | _a(075.8+076) | ||
| 100 | 1 |
_aKarpiński, Tadeusz _d(1936- ) _eAutor |
|
| 245 | 1 | 0 |
_aĆwiczenia laboratoryjne z metrologii mechanicznej / _cT. Karpiński, W. Kacalak ; red. T. Karpiński. |
| 260 |
_aKoszalin : _bWyższa Szkoła Inżynierska, _c1971. |
||
| 300 |
_a[4], 132 s. : _bil. ; _c27 cm. |
||
| 655 | 4 | _aĆwiczenia i zadania dla szkół wyższych | |
| 650 | 4 | _aPomiary | |
| 710 | 2 |
_aWydawnictwo Uczelniane (Wyższa Szkoła Inżynierska ; Koszalin) _bWydawnictwo Uczelniane. _4pbl. |
|
| 700 | 1 |
_aKacalak, Wojciech _d(1945- ) _eAutor |
|
| 942 |
_2UKD _cKS |
||
| 856 |
_uhttp://koha.tu.koszalin.pl/cgi-bin/koha/opac-detail.pl?biblionumber=7391 _yKatalog online BPK |
||
| 999 |
_c7391 _d7391 |
||